[Event "GER-ch Blitz 2019"]
[Site "Magdeburg"]
[Date "2019.05.25"]
[Round "17.10"]
[White "Hirneise, Jens"]
[Black "Kopylov, Michael"]
[Result "1-0"]
[WhiteElo "2375"]
[BlackElo "2413"]
[Annotator "NA"]
[PlyCount "71"]
[EventDate "2019.05.25"]
[EventType "tourn"]
[EventCountry "GER"]
[Tiebreak "Number of wins+Number of black wins"]
[SourceTitle "playchess.com"]
[Source "ChessBase"]
[SourceQuality "1"]
[TimeControl "180+2"]

1. e4 {[%emt 0:00:00]} Nf6 {[%emt 0:00:00]} 2. e5 {[%emt 0:00:00]} Nd5 {
[%emt 0:00:00]} 3. d4 d6 4. c4 Nb6 5. exd6 {[%emt 0:00:03]} exd6 {[%emt 0:00:
01]} 6. Nc3 {[%emt 0:00:03]} Be7 {[%emt 0:00:01]} 7. h3 {[%emt 0:00:01]} Nc6 {
[%emt 0:00:02]} 8. Nf3 {[%emt 0:00:04]} O-O {[%emt 0:00:03]} 9. Bd3 {[%emt 0:
00:05]} d5 {[%emt 0:00:08]} 10. c5 {[%emt 0:00:03]} Nc4 {[%emt 0:00:01]} 11.
O-O {[%emt 0:00:12]} b6 {[%emt 0:00:01]} 12. b3 {[%emt 0:00:17]} N4a5 {[%emt 0:
00:05]} 13. cxb6 {[%emt 0:00:11]} axb6 {[%emt 0:00:01]} 14. Bb2 {[%emt 0:00:14]
} Ba6 {[%emt 0:00:12]} 15. Rc1 {[%emt 0:00:12]} Bxd3 {[%emt 0:00:19]} 16. Qxd3
{[%emt 0:00:02]} Qd7 {[%emt 0:00:29]} 17. Rfe1 {[%emt 0:00:24]} Bf6 {[%emt 0:
00:03]} 18. Qb5 {[%emt 0:00:14]} Rfd8 {[%emt 0:00:26]} 19. b4 {[%emt 0:00:11]}
Nc4 {[%emt 0:00:23]} 20. Nxd5 {[%emt 0:00:22]} Nxb2 {[%emt 0:00:51]} 21. Nxf6+
gxf6 {[%emt 0:00:01]} 22. Rxc6 {[%emt 0:00:18]} Nd3 {[%emt 0:00:12]} 23. Qxd3 {
[%emt 0:00:35]} Qxc6 24. Nh4 Re8 {[%emt 0:00:11]} 25. Rxe8+ {[%emt 0:00:06]}
Rxe8 {[%emt 0:00:00]} 26. Nf5 {[%emt 0:00:01]} Qc1+ {[%emt 0:00:07]} 27. Kh2 {
[%emt 0:00:04]} Qf4+ {[%emt 0:00:00]} 28. Ng3 {[%emt 0:00:06]} Rd8 {[%emt 0:00:
09]} 29. d5 {[%emt 0:00:02]} Qe5 {[%emt 0:00:03]} 30. Kg1 {[%emt 0:00:07]} Rxd5
{[%emt 0:00:03]} 31. Qc2 {[%emt 0:00:00]} c5 {[%emt 0:00:06]} 32. bxc5 {
[%emt 0:00:03]} Rxc5 {[%emt 0:00:00]} 33. Qd1 {[%emt 0:00:01]} Qf4 34. Qd8+ Kg7
35. Nf1 Rc1 36. Qd3 1-0

[Event "GER-ch Blitz 2019"]
[Site "Magdeburg"]
[Date "2019.05.25"]
[Round "17.11"]
[White "Kirchner, Thomas"]
[Black "Frischmann, Rick"]
[Result "0-1"]
[WhiteElo "2311"]
[BlackElo "2320"]
[Annotator "NA"]
[PlyCount "86"]
[EventDate "2019.05.25"]
[EventType "tourn"]
[EventCountry "GER"]
[Tiebreak "Number of wins+Number of black wins"]
[SourceTitle "playchess.com"]
[Source "ChessBase"]
[SourceQuality "1"]
[TimeControl "180+2"]

1. e4 {[%emt 0:00:00]} c5 {[%emt 0:00:00]} 2. Nf3 {[%emt 0:00:00]} Nc6 {
[%emt 0:00:00]} 3. Bc4 {[%emt 0:00:01]} e6 {[%emt 0:00:35]} 4. O-O {[%emt 0:00:
03]} d5 {[%emt 0:00:01]} 5. exd5 {[%emt 0:00:03]} exd5 {[%emt 0:00:01]} 6. Bb5
{[%emt 0:00:01]} Nf6 {[%emt 0:00:03]} 7. d4 {[%emt 0:00:02]} Be7 {[%emt 0:00:
03]} 8. c3 {[%emt 0:00:01]} O-O {[%emt 0:00:02]} 9. h3 {[%emt 0:00:01]} Qb6 {
[%emt 0:00:04]} 10. Ba4 {[%emt 0:00:07]} cxd4 {[%emt 0:00:02]} 11. cxd4 {
[%emt 0:00:02]} h6 {[%emt 0:00:08]} 12. Nc3 {[%emt 0:00:02]} Bf5 {[%emt 0:00:
02]} 13. Bb3 {[%emt 0:00:13]} Rad8 {[%emt 0:00:04]} 14. Re1 {[%emt 0:00:02]}
Bb4 {[%emt 0:00:05]} 15. Bf4 {[%emt 0:00:17]} Na5 {[%emt 0:00:03]} 16. Bc2 {
[%emt 0:00:05]} Bxc2 {[%emt 0:00:01]} 17. Qxc2 {[%emt 0:00:01]} Nc4 {[%emt 0:
00:01]} 18. Red1 {[%emt 0:00:09]} Rc8 {[%emt 0:00:04]} 19. Na4 {[%emt 0:01:08]}
Qb5 {[%emt 0:00:22]} 20. Qb3 {[%emt 0:00:01]} Na5 {[%emt 0:00:12]} 21. Qd3 {
[%emt 0:00:27]} Qxa4 {[%emt 0:00:03]} 22. Be5 {[%emt 0:00:02]} Ne4 {[%emt 0:00:
06]} 23. b3 {[%emt 0:00:04]} Qc6 {[%emt 0:00:01]} 24. Qe3 {[%emt 0:00:01]} Qe6
{[%emt 0:00:07]} 25. Bf4 {[%emt 0:00:07]} Rc3 {[%emt 0:00:02]} 26. Qe2 {
[%emt 0:00:01]} a6 {[%emt 0:00:11]} 27. Ne5 {[%emt 0:00:05]} Nc6 {[%emt 0:00:
07]} 28. Nf3 {[%emt 0:00:05]} Re8 {[%emt 0:00:02]} 29. Be3 {[%emt 0:00:04]} Bd6
{[%emt 0:00:05]} 30. Qb2 {[%emt 0:00:04]} Nb4 {[%emt 0:00:12]} 31. Ne1 {
[%emt 0:00:09]} Rec8 {[%emt 0:00:07]} 32. a3 {[%emt 0:00:04]} Nc2 {[%emt 0:00:
02]} 33. Rac1 {[%emt 0:00:02]} Nxe3 {[%emt 0:00:02]} 34. fxe3 {[%emt 0:00:06]}
Rxc1 {[%emt 0:00:04]} 35. Rxc1 {[%emt 0:00:01]} Rxc1 {[%emt 0:00:03]} 36. Qxc1
{[%emt 0:00:00]} Ng3 {[%emt 0:00:01]} 37. Qd2 {[%emt 0:00:13]} Qf5 {[%emt 0:00:
04]} 38. Nf3 {[%emt 0:00:08]} Qb1+ {[%emt 0:00:02]} 39. Ne1 {[%emt 0:00:02]}
Qxb3 {[%emt 0:00:02]} 40. Nd3 {[%emt 0:00:05]} Qb1+ {[%emt 0:00:06]} 41. Ne1 {
[%emt 0:00:03]} Bxa3 {[%emt 0:00:06]} 42. Qf2 {[%emt 0:00:03]} Bb4 {[%emt 0:00:
04]} 43. Qxg3 {[%emt 0:00:02]} Qxe1+ {[%emt 0:00:01]} 0-1

[Event "GER-ch Blitz 2019"]
[Site "Magdeburg"]
[Date "2019.05.25"]
[Round "17.12"]
[White "Zuyev, Igor"]
[Black "Heidrich, Manfred"]
[Result "1-0"]
[WhiteElo "2447"]
[BlackElo "2351"]
[Annotator "NA"]
[PlyCount "56"]
[EventDate "2019.05.25"]
[EventType "tourn"]
[EventCountry "GER"]
[Tiebreak "Number of wins+Number of black wins"]
[SourceTitle "playchess.com"]
[Source "ChessBase"]
[SourceQuality "1"]
[TimeControl "180+2"]

1. e4 {[%emt 0:00:00]} c5 {[%emt 0:00:00]} 2. Nc3 {[%emt 0:00:00]} Nc6 {
[%emt 0:00:01]} 3. f4 {[%emt 0:00:02]} e6 {[%emt 0:00:01]} 4. Nf3 {[%emt 0:00:
16]} d5 {[%emt 0:00:01]} 5. Bb5 {[%emt 0:00:04]} Nf6 {[%emt 0:00:02]} 6. e5 {
[%emt 0:00:06]} Nd7 {[%emt 0:00:01]} 7. Bxc6 {[%emt 0:00:05]} bxc6 {[%emt 0:00:
01]} 8. d3 {[%emt 0:00:03]} Be7 {[%emt 0:00:03]} 9. O-O {[%emt 0:00:05]} O-O {
[%emt 0:00:02]} 10. Re1 {[%emt 0:00:05]} Re8 {[%emt 0:00:05]} 11. Ne2 {[%emt 0:
00:07]} f6 {[%emt 0:00:03]} 12. b3 {[%emt 0:00:07]} Rb8 {[%emt 0:00:13]} 13.
Bb2 {[%emt 0:00:05]} Ba6 {[%emt 0:00:18]} 14. Ng3 {[%emt 0:00:07]} c4 {[%emt 0:
00:10]} 15. exf6 {[%emt 0:00:07]} Bxf6 {[%emt 0:00:01]} 16. Bxf6 {[%emt 0:00:
05]} Qxf6 {[%emt 0:00:03]} 17. dxc4 {[%emt 0:00:09]} Qxf4 {[%emt 0:00:11]} 18.
Nd4 {[%emt 0:00:07]} Qd6 {[%emt 0:00:06]} 19. Qg4 {[%emt 0:00:06]} Nf8 {
[%emt 0:00:09]} 20. Nh5 {[%emt 0:00:07]} Re7 {[%emt 0:00:06]} 21. Qg3 {[%emt 0:
00:08]} Qxg3 {[%emt 0:00:08]} 22. Nxg3 {[%emt 0:00:04]} Bb7 {[%emt 0:00:12]}
23. Ngf5 {[%emt 0:00:06]} Rf7 {[%emt 0:00:29]} 24. Nd6 {[%emt 0:00:07]} Rd7 {
[%emt 0:00:15]} 25. c5 {[%emt 0:00:05]} Re7 {[%emt 0:00:23]} 26. Re5 {[%emt 0:
00:06]} Ba8 {[%emt 0:00:15]} 27. Rf1 {[%emt 0:00:06]} Nd7 {[%emt 0:00:06]} 28.
N4f5 {[%emt 0:00:08]} Rf7 {[%emt 0:00:16]} 1-0

[Event "GER-ch Blitz 2019"]
[Site "Magdeburg"]
[Date "2019.05.25"]
[Round "17.13"]
[White "Svane, Frederik"]
[Black "Stein, Robert"]
[Result "0-1"]
[WhiteElo "2342"]
[BlackElo "2318"]
[Annotator "NA"]
[PlyCount "90"]
[EventDate "2019.05.25"]
[EventType "tourn"]
[EventCountry "GER"]
[Tiebreak "Number of wins+Number of black wins"]
[SourceTitle "playchess.com"]
[Source "ChessBase"]
[SourceQuality "1"]
[TimeControl "180+2"]

1. e4 {[%emt 0:00:00]} e5 {[%emt 0:00:00]} 2. Nf3 {[%emt 0:00:01]} Nc6 {
[%emt 0:00:00]} 3. Bb5 {[%emt 0:00:01]} a6 {[%emt 0:00:00]} 4. Ba4 {[%emt 0:00:
00]} Nf6 {[%emt 0:00:00]} 5. O-O Be7 6. d3 {[%emt 0:00:03]} b5 {[%emt 0:00:02]}
7. Bb3 {[%emt 0:00:01]} O-O {[%emt 0:00:01]} 8. Nc3 {[%emt 0:00:01]} d6 {
[%emt 0:00:04]} 9. a3 {[%emt 0:00:00]} Na5 {[%emt 0:00:02]} 10. Ba2 {[%emt 0:
00:01]} Be6 {[%emt 0:00:01]} 11. b4 {[%emt 0:00:06]} Bxa2 {[%emt 0:00:02]} 12.
Rxa2 {[%emt 0:00:02]} Nc6 {[%emt 0:00:03]} 13. Bg5 {[%emt 0:00:01]} h6 {
[%emt 0:00:01]} 14. Bxf6 {[%emt 0:00:04]} Bxf6 {[%emt 0:00:01]} 15. Nd5 {
[%emt 0:00:02]} Bg5 {[%emt 0:00:09]} 16. a4 {[%emt 0:00:22]} Ne7 {[%emt 0:00:
01]} 17. c4 {[%emt 0:00:18]} c6 {[%emt 0:00:06]} 18. Nc3 {[%emt 0:00:44]} bxc4
{[%emt 0:01:04]} 19. dxc4 Qc7 20. Nxg5 {[%emt 0:00:52]} hxg5 {[%emt 0:00:01]}
21. Qd2 {[%emt 0:00:01]} f6 {[%emt 0:00:04]} 22. b5 {[%emt 0:00:23]} Rfd8 {
[%emt 0:00:45]} 23. Rb1 {[%emt 0:00:10]} cxb5 {[%emt 0:00:19]} 24. cxb5 {
[%emt 0:00:10]} axb5 {[%emt 0:00:10]} 25. axb5 {[%emt 0:00:01]} Rxa2 {[%emt 0:
00:06]} 26. Qxa2+ {[%emt 0:00:01]} Kh7 {[%emt 0:00:04]} 27. Qb3 {[%emt 0:00:12]
} Qb7 {[%emt 0:00:08]} 28. g3 {[%emt 0:00:09]} Rd7 {[%emt 0:00:13]} 29. b6 {
[%emt 0:00:01]} d5 {[%emt 0:00:01]} 30. exd5 {[%emt 0:00:02]} Nxd5 {[%emt 0:00:
01]} 31. Rd1 {[%emt 0:00:10]} Nxc3 {[%emt 0:00:06]} 32. Rxd7 {[%emt 0:00:01]}
Qxd7 {[%emt 0:00:09]} 33. Qxc3 {[%emt 0:00:01]} Qd1+ {[%emt 0:00:01]} 34. Kg2 {
[%emt 0:00:01]} Qd5+ {[%emt 0:00:00]} 35. Qf3 {[%emt 0:00:02]} e4 {[%emt 0:00:
01]} 36. Qe3 {[%emt 0:00:01]} Qc6 {[%emt 0:00:02]} 37. h3 {[%emt 0:00:02]} Kg6
{[%emt 0:00:01]} 38. Kh2 {[%emt 0:00:02]} f5 {[%emt 0:00:11]} 39. Qd4 {[%emt 0:
00:04]} f4 {[%emt 0:00:07]} 40. Qb2 {[%emt 0:00:02]} Qb7 {[%emt 0:00:01]} 41.
Qb4 {[%emt 0:00:03]} e3 {[%emt 0:00:05]} 42. fxe3 {[%emt 0:00:03]} Qf3 {
[%emt 0:00:02]} 43. Qd6+ {[%emt 0:00:01]} Kh5 {[%emt 0:00:03]} 44. Qd2 {
[%emt 0:00:03]} Qxg3+ {[%emt 0:00:03]} 45. Kh1 {[%emt 0:00:01]} Qf3+ 0-1

[Event "GER-ch Blitz 2019"]
[Site "Magdeburg"]
[Date "2019.05.25"]
[Round "17.14"]
[White "Schmaltz, Roland"]
[Black "Schulze, Marc"]
[Result "0-1"]
[WhiteElo "2461"]
[BlackElo "2220"]
[Annotator "ChessBase"]
[PlyCount "156"]
[EventDate "2019.05.25"]
[EventType "tourn"]
[EventCountry "GER"]
[Tiebreak "Number of wins+Number of black wins"]
[SourceTitle "playchess.com"]
[Source "ChessBase"]
[SourceQuality "1"]
[TimeControl "180+2"]

1. e4 {[%emt 0:00:00]} c5 {[%emt 0:00:00]} 2. Nf3 {[%emt 0:00:00]} g6 {[%emt 0:
00:00]} 3. d4 {[%emt 0:00:00]} cxd4 {[%emt 0:00:00]} 4. Nxd4 {[%emt 0:00:00]}
Bg7 {[%emt 0:00:01]} 5. Be2 {[%emt 0:00:01]} Nc6 6. Nb3 Nf6 {[%emt 0:00:02]} 7.
Nc3 {[%emt 0:00:02]} O-O {[%emt 0:00:01]} 8. O-O {[%emt 0:00:01]} d6 {[%emt 0:
00:00]} 9. Re1 {[%emt 0:00:00]} a6 {[%emt 0:00:04]} 10. Bf1 {[%emt 0:00:02]}
Be6 {[%emt 0:00:08]} 11. Nd5 {[%emt 0:00:01]} Rc8 {[%emt 0:00:17]} 12. c3 {
[%emt 0:00:09]} Re8 {[%emt 0:00:07]} 13. Bg5 {[%emt 0:00:01]} Bxd5 {[%emt 0:00:
04]} 14. exd5 {[%emt 0:00:02]} Na5 {[%emt 0:00:04]} 15. h3 {[%emt 0:00:25]} Nc4
{[%emt 0:00:13]} 16. Bxc4 {[%emt 0:00:02]} Rxc4 {[%emt 0:00:01]} 17. Qd3 {
[%emt 0:00:01]} Rc8 {[%emt 0:00:10]} 18. Re2 {[%emt 0:00:02]} h6 {[%emt 0:00:
10]} 19. Bh4 {[%emt 0:00:07]} Qd7 {[%emt 0:00:04]} 20. Rae1 {[%emt 0:00:05]}
Rc7 {[%emt 0:00:09]} 21. Nd2 {[%emt 0:00:07]} Qa4 {[%emt 0:00:06]} 22. Bxf6 {
[%emt 0:00:02]} Bxf6 {[%emt 0:00:06]} 23. Ne4 {[%emt 0:00:02]} Be5 {[%emt 0:00:
02]} 24. b3 {[%emt 0:00:12]} Qd7 {[%emt 0:00:04]} 25. f4 {[%emt 0:00:05]} Bg7 {
[%emt 0:00:05]} 26. c4 {[%emt 0:00:05]} b5 {[%emt 0:00:13]} 27. cxb5 {[%emt 0:
00:09]} axb5 {[%emt 0:00:05]} 28. Kh1 {[%emt 0:00:10]} Rec8 {[%emt 0:00:07]}
29. Qf3 {[%emt 0:00:08]} Qf5 {[%emt 0:00:12]} 30. Ng3 {[%emt 0:00:02]} Qf6 {
[%emt 0:00:06]} 31. f5 {[%emt 0:00:03]} Rc3 {[%emt 0:00:06]} 32. Qf4 {[%emt 0:
00:14]} Qd4 {[%emt 0:00:19]} 33. Ne4 {[%emt 0:00:27]} Rc2 {[%emt 0:00:14]} 34.
fxg6 {[%emt 0:00:23]} fxg6 {[%emt 0:00:02]} 35. Rxc2 {[%emt 0:00:10]} Rxc2 {
[%emt 0:00:02]} 36. Qg4 {[%emt 0:00:04]} Kh7 {[%emt 0:00:07]} 37. Qh4 {[%emt 0:
00:05]} Qe5 {[%emt 0:00:12]} 38. Nd2 {[%emt 0:00:24]} Qf6 {[%emt 0:00:05]} 39.
Qxf6 {[%emt 0:00:05]} Bxf6 {[%emt 0:00:01]} 40. Ne4 {[%emt 0:00:03]} Be5 {
[%emt 0:00:03]} 41. a4 {[%emt 0:00:01]} bxa4 {[%emt 0:00:00]} 42. bxa4 Ra2 {
[%emt 0:00:01]} 43. g4 {[%emt 0:00:07]} Rxa4 {[%emt 0:00:01]} 44. Kg2 {[%emt 0:
00:01]} Ra5 {[%emt 0:00:00]} 45. Rd1 {[%emt 0:00:01]} Ra4 {[%emt 0:00:01]} 46.
Kf3 {[%emt 0:00:01]} Ra3+ {[%emt 0:00:01]} 47. Kg2 {[%emt 0:00:01]} Kg7 {
[%emt 0:00:01]} 48. Rf1 {[%emt 0:00:02]} Rd3 {[%emt 0:00:02]} 49. g5 {[%emt 0:
00:03]} Rxd5 {[%emt 0:00:05]} 50. gxh6+ {[%emt 0:00:01]} Kxh6 {[%emt 0:00:07]}
51. Rf7 e6 52. h4 {[%emt 0:00:04]} Rd4 {[%emt 0:00:07]} 53. Ng5 {[%emt 0:00:01]
} Rxh4 {[%emt 0:00:02]} 54. Nxe6 {[%emt 0:00:02]} Rg4+ {[%emt 0:00:01]} 55. Kf3
{[%emt 0:00:01]} Rg3+ {[%emt 0:00:01]} 56. Ke4 {[%emt 0:00:00]} Rg1 {[%emt 0:
00:03]} 57. Rf8 {[%emt 0:00:02]} Kh5 {[%emt 0:00:02]} 58. Rg8 {[%emt 0:00:02]}
g5 {[%emt 0:00:02]} 59. Nf8 {[%emt 0:00:04]} Kg4 {[%emt 0:00:01]} 60. Ne6 {
[%emt 0:00:01]} Kh5 {[%emt 0:00:02]} 61. Kd5 {[%emt 0:00:03]} g4 {[%emt 0:00:
02]} 62. Ke4 {[%emt 0:00:02]} g3 {[%emt 0:00:03]} 63. Rg5+ {[%emt 0:00:02]} Kh4
{[%emt 0:00:01]} 64. Rg6 {[%emt 0:00:02]} Kh3 {[%emt 0:00:02]} 65. Kf3 {
[%emt 0:00:01]} Rf1+ {[%emt 0:00:01]} 66. Ke2 {[%emt 0:00:01]} Rf6 {[%emt 0:00:
02]} 67. Rxf6 {[%emt 0:00:02]} Bxf6 {[%emt 0:00:01]} 68. Nf4+ {[%emt 0:00:00]}
Kh2 {[%emt 0:00:01]} 69. Kf3 {[%emt 0:00:01]} Be5 {[%emt 0:00:02]} 70. Ng2 d5
71. Ne3 {[%emt 0:00:02]} d4 {[%emt 0:00:02]} 72. Ng4+ {[%emt 0:00:01]} Kh1 {
[%emt 0:00:03]} 73. Nxe5 {[%emt 0:00:02]} g2 {[%emt 0:00:01]} 74. Nd3 {[%emt 0:
00:05]} g1=Q {[%emt 0:00:02]} 75. Nf2+ {[%emt 0:00:00]} Kh2 {[%emt 0:00:02]}
76. Ng4+ {[%emt 0:00:01]} Kh3 {[%emt 0:00:00]} 77. Nf2+ Kh4 78. Ne4 {[%emt 0:
00:04]} d3 {[%emt 0:00:03]} 0-1

[Event "GER-ch Blitz 2019"]
[Site "Magdeburg"]
[Date "2019.05.25"]
[Round "17.15"]
[White "Zelbel, Patrick"]
[Black "Kopylov, Daniel"]
[Result "1-0"]
[WhiteElo "2439"]
[BlackElo "2263"]
[Annotator "NA"]
[PlyCount "73"]
[EventDate "2019.05.25"]
[EventType "tourn"]
[EventCountry "GER"]
[Tiebreak "Number of wins+Number of black wins"]
[SourceTitle "playchess.com"]
[Source "ChessBase"]
[SourceQuality "1"]
[TimeControl "180+2"]

1. e4 {[%emt 0:00:00]} c5 {[%emt 0:00:00]} 2. c3 {[%emt 0:00:02]} d5 {[%emt 0:
00:01]} 3. exd5 {[%emt 0:00:00]} Qxd5 {[%emt 0:00:01]} 4. Nf3 {[%emt 0:00:01]}
Nf6 {[%emt 0:00:01]} 5. Na3 {[%emt 0:00:00]} e6 {[%emt 0:00:03]} 6. d4 {
[%emt 0:00:02]} cxd4 {[%emt 0:00:02]} 7. Nb5 {[%emt 0:00:01]} Qd8 {[%emt 0:00:
01]} 8. Nbxd4 {[%emt 0:00:05]} Be7 {[%emt 0:00:07]} 9. Be2 {[%emt 0:00:01]} O-O
{[%emt 0:00:02]} 10. Bf4 {[%emt 0:00:05]} Nd5 {[%emt 0:00:08]} 11. Bg3 {
[%emt 0:00:02]} Nc6 {[%emt 0:00:03]} 12. O-O {[%emt 0:00:06]} Bd7 {[%emt 0:00:
20]} 13. Nxc6 {[%emt 0:00:08]} Bxc6 {[%emt 0:00:03]} 14. Ne5 {[%emt 0:00:03]}
Rc8 {[%emt 0:00:03]} 15. Bf3 {[%emt 0:00:10]} Bf6 {[%emt 0:00:05]} 16. Nxc6 {
[%emt 0:00:06]} bxc6 {[%emt 0:00:07]} 17. Qb3 {[%emt 0:00:05]} Qb6 {[%emt 0:00:
05]} 18. Rfd1 {[%emt 0:00:04]} h6 {[%emt 0:00:05]} 19. Rd2 {[%emt 0:00:07]} Bg5
{[%emt 0:00:13]} 20. Rd4 {[%emt 0:00:09]} c5 {[%emt 0:00:21]} 21. Rdd1 {
[%emt 0:00:07]} c4 {[%emt 0:00:17]} 22. Qxb6 {[%emt 0:00:11]} Nxb6 {[%emt 0:00:
01]} 23. Bb7 {[%emt 0:00:02]} Rcd8 {[%emt 0:00:06]} 24. Bd6 {[%emt 0:00:03]}
Rxd6 {[%emt 0:00:34]} 25. Rxd6 {[%emt 0:00:01]} Rb8 {[%emt 0:00:01]} 26. Ba6 {
[%emt 0:00:12]} Na4 {[%emt 0:00:19]} 27. Bxc4 {[%emt 0:00:28]} Rxb2 {[%emt 0:
00:03]} 28. Ra6 {[%emt 0:00:16]} Nxc3 {[%emt 0:00:02]} 29. Rxa7 {[%emt 0:00:02]
} Bf6 {[%emt 0:00:11]} 30. Rc1 {[%emt 0:00:07]} g6 {[%emt 0:00:06]} 31. g3 {
[%emt 0:00:02]} Ne4 {[%emt 0:00:02]} 32. Bxe6 {[%emt 0:00:14]} Nd6 {[%emt 0:00:
22]} 33. Bd5 {[%emt 0:00:12]} Bd4 {[%emt 0:00:02]} 34. Ra8+ {[%emt 0:00:07]}
Kg7 {[%emt 0:00:01]} 35. Rf1 {[%emt 0:00:04]} Nb5 {[%emt 0:00:01]} 36. Rb8 {
[%emt 0:00:06]} Rb4 {[%emt 0:00:07]} 37. a4 {[%emt 0:00:04]} 1-0

[Event "GER-ch Blitz 2019"]
[Site "Magdeburg"]
[Date "2019.05.25"]
[Round "18.1"]
[White "Heistermann, Till"]
[Black "Gustafsson, Jan"]
[Result "0-1"]
[WhiteElo "2181"]
[BlackElo "2639"]
[Annotator "RC"]
[PlyCount "40"]
[EventDate "2019.05.25"]
[EventType "tourn"]
[EventCountry "GER"]
[Tiebreak "Number of wins+Number of black wins"]
[SourceTitle "playchess.com"]
[Source "ChessBase"]
[SourceQuality "1"]
[TimeControl "180+2"]

1. c4 {[%emt 0:00:00]} Nf6 {[%emt 0:00:02]} 2. g3 {[%emt 0:00:00]} c6 {[%emt 0:
00:06]} 3. Nf3 {[%emt 0:00:02]} d5 {[%emt 0:00:01]} 4. b3 {[%emt 0:00:01]} dxc4
{[%emt 0:00:09]} 5. bxc4 {[%emt 0:00:01]} e5 {[%emt 0:00:01]} 6. d3 {[%emt 0:
00:15]} e4 {[%emt 0:00:03]} 7. dxe4 Qxd1+ {[%emt 0:00:02]} 8. Kxd1 {[%emt 0:00:
31]} Nxe4 {[%emt 0:00:05]} 9. Be3 {[%emt 0:00:02]} Be6 {[%emt 0:00:07]} 10.
Nbd2 {[%emt 0:00:03]} Nxd2 {[%emt 0:00:04]} 11. Nxd2 {[%emt 0:00:02]} Nd7 {
[%emt 0:00:07]} 12. Kc2 {[%emt 0:00:05]} Bb4 {[%emt 0:00:10]} 13. Rb1 {[%emt 0:
00:27]} Bf5+ {[%emt 0:00:02]} 14. Kc1 {[%emt 0:00:02]} Bxb1 {[%emt 0:00:05]}
15. Kxb1 {[%emt 0:00:02]} O-O {[%emt 0:00:09]} 16. Kc2 {[%emt 0:00:04]} Rfe8 {
[%emt 0:00:03]} 17. Bd4 {[%emt 0:00:22]} Rad8 {[%emt 0:00:12]} 18. e3 {[%emt 0:
00:01]} c5 {[%emt 0:00:22]} 19. Bc3 {[%emt 0:00:01]} Ne5 {[%emt 0:00:07]} 20.
Nb3 {[%emt 0:00:14]} Ng4 {[%emt 0:00:04]} 0-1

[Event "GER-ch Blitz 2019"]
[Site "Magdeburg"]
[Date "2019.05.25"]
[Round "18.2"]
[White "Barzen, Pascal"]
[Black "Braeuning, Rudolf Wilhelm"]
[Result "1/2-1/2"]
[WhiteElo "2292"]
[BlackElo "2285"]
[Annotator "NA"]
[PlyCount "81"]
[EventDate "2019.05.25"]
[EventType "tourn"]
[EventCountry "GER"]
[Tiebreak "Number of wins+Number of black wins"]
[SourceTitle "playchess.com"]
[Source "ChessBase"]
[SourceQuality "1"]
[TimeControl "180+2"]

1. e4 {[%emt 0:00:00]} c5 {[%emt 0:00:00]} 2. Nc3 {[%emt 0:00:00]} Nc6 {
[%emt 0:00:00]} 3. g3 {[%emt 0:00:01]} Rb8 {[%emt 0:00:01]} 4. Bg2 {[%emt 0:00:
01]} b5 5. d3 g6 {[%emt 0:00:04]} 6. f4 {[%emt 0:00:01]} Bg7 {[%emt 0:00:01]}
7. Nf3 {[%emt 0:00:00]} b4 {[%emt 0:00:04]} 8. Ne2 {[%emt 0:00:01]} e6 {
[%emt 0:00:11]} 9. O-O {[%emt 0:00:05]} Nge7 {[%emt 0:00:00]} 10. g4 {[%emt 0:
00:08]} d5 {[%emt 0:00:13]} 11. Ng3 {[%emt 0:00:15]} dxe4 {[%emt 0:00:30]} 12.
Nxe4 {[%emt 0:00:02]} O-O {[%emt 0:00:04]} 13. Kh1 {[%emt 0:00:10]} Qa5 {
[%emt 0:00:22]} 14. Be3 {[%emt 0:00:05]} Bxb2 {[%emt 0:00:06]} 15. Nxc5 {
[%emt 0:00:10]} Nd5 {[%emt 0:00:11]} 16. Bf2 {[%emt 0:00:23]} Nxf4 {[%emt 0:00:
07]} 17. Rb1 {[%emt 0:00:11]} Bg7 {[%emt 0:00:07]} 18. Qd2 {[%emt 0:00:13]}
Nxg2 {[%emt 0:00:02]} 19. Kxg2 {[%emt 0:00:01]} e5 {[%emt 0:00:15]} 20. h3 {
[%emt 0:00:11]} Nd4 {[%emt 0:00:07]} 21. Nxd4 {[%emt 0:00:14]} exd4 {[%emt 0:
00:11]} 22. Ne4 {[%emt 0:00:10]} Bb7 {[%emt 0:00:06]} 23. Kg1 {[%emt 0:00:12]}
Qd5 {[%emt 0:00:06]} 24. g5 {[%emt 0:00:09]} a5 {[%emt 0:00:01]} 25. Bg3 {
[%emt 0:00:04]} Rbe8 {[%emt 0:00:18]} 26. Rbe1 {[%emt 0:00:02]} Re6 {[%emt 0:
00:05]} 27. h4 {[%emt 0:00:08]} Rfe8 {[%emt 0:00:05]} 28. Kh2 {[%emt 0:00:06]}
Qxa2 {[%emt 0:00:04]} 29. Qf2 {[%emt 0:00:09]} Qd5 {[%emt 0:00:04]} 30. Qxf7+ {
[%emt 0:00:02]} Kh8 {[%emt 0:00:02]} 31. Rf2 {[%emt 0:00:17]} Rxe4 {[%emt 0:00:
20]} 32. Qxe8+ {[%emt 0:00:11]} Rxe8 {[%emt 0:00:03]} 33. Rxe8+ {[%emt 0:00:01]
} Bf8 {[%emt 0:00:01]} 34. Rfxf8+ {[%emt 0:00:10]} Kg7 {[%emt 0:00:00]} 35.
Be5+ {[%emt 0:00:02]} Qxe5+ {[%emt 0:00:01]} 36. Rxe5 {[%emt 0:00:01]} Kxf8 {
[%emt 0:00:01]} 37. Rxa5 Ke8 {[%emt 0:00:05]} 38. Rb5 {[%emt 0:00:02]} Bc6 {
[%emt 0:00:07]} 39. Rxb4 {[%emt 0:00:01]} Ke7 {[%emt 0:00:01]} 40. Rxd4 {
[%emt 0:00:02]} Ke6 {[%emt 0:00:00]} 41. Kg3 {[%emt 0:00:02]} 1/2-1/2